[Event "Oberliga Sued W 1920"]
[Site "Germany"]
[Date "2021.07.18"]
[Round "9.3"]
[White "Schulz, Klaus Juergen"]
[Black "Erhardt, Michael"]
[Result "1-0"]
[WhiteElo "2327"]
[BlackElo "2071"]
[PlyCount "85"]
[EventDate "2019.09.29"]
[EventType "team-tourn"]
[EventRounds "9"]
[EventCountry "GER"]
[SourceTitle "EXT 2023"]
[Source "ChessBase"]
[SourceDate "2022.10.05"]
[SourceVersion "1"]
[SourceVersionDate "2022.10.05"]
[SourceQuality "1"]
[WhiteTeam "Heimbach Weis/Neuwied"]
[BlackTeam "Saarbruecken Gambit"]
[WhiteTeamCountry "GER"]
[BlackTeamCountry "GER"]

1. Nf3 d5 2. d4 Nf6 3. c4 e6 4. Nc3 c5 5. e3 Nc6 6. a3 a6 7. dxc5 Bxc5 8. b4 Ba7 9. Bb2 0-0 10. Be2 dxc4 11. Bxc4 b5 12. Bd3 Bb7 13. 0-0 Qe7 14. Qe2 Rac8 15. Rac1 Rfd8 16. Ne4 Nxe4 17. Bxe4 Nb8 18. Rxc8 Rxc8 19. Qd3 h6 20. Ne5 Rd8 21. Qc2 Rc8 22. Qd3 Rd8 23. Bh7+ Kf8 24. Qc3 Qg5 25. Ng6+ Ke8 26. Nf4 e5 27. h4 Qe7 28. Qxe5 Qxe5 29. Bxe5 f6 30. Bg6+ Ke7 31. Bc3 Nc6 32. Be4 Rd7 33. Bf5 Rd6 34. Rc1 g5 35. hxg5 fxg5 36. Nh5 Bb6 37. Ng3 Nd8 38. Be5 Rd2 39. Bc3 Ra2 40. Ra1 Rxa1+ 41. Bxa1 Ne6 42. Bd3 Bc7 43. Nf5+ 1-0

[Event "Oberliga Sued W 1920"]
[Site "Germany"]
[Date "2021.07.11"]
[Round "8.4"]
[White "Tresch, Lukas"]
[Black "Erhardt, Michael"]
[Result "0-1"]
[WhiteElo "2066"]
[BlackElo "2071"]
[PlyCount "92"]
[EventDate "2019.09.29"]
[EventType "team-tourn"]
[EventRounds "9"]
[EventCountry "GER"]
[SourceTitle "EXT 2023"]
[Source "ChessBase"]
[SourceDate "2022.10.05"]
[SourceVersion "1"]
[SourceVersionDate "2022.10.05"]
[SourceQuality "1"]
[WhiteTeam "Frankenthal"]
[BlackTeam "Saarbruecken Gambit"]
[WhiteTeamCountry "GER"]
[BlackTeamCountry "GER"]

1. e4 c6 2. Nc3 d5 3. Nf3 Bg4 4. h3 Bxf3 5. Qxf3 e6 6. d3 d4 7. Ne2 Nf6 8. g4 c5 9. Qg3 Nc6 10. a3 Bd6 11. f4 e5 12. f5 Be7 13. h4 c4 14. g5 cxd3 15. cxd3 Nd7 16. g6 hxg6 17. h5 gxh5 18. Qxg7 Bh4+ 19. Kd1 Bf6 20. Qg3 Qb6 21. Ng1 Ke7 22. Nf3 Rag8 23. Qh2 Nc5 24. b4 Nd7 25. Rg1 Rxg1 26. Qxg1 a5 27. Rb1 Qb5 28. Qh2 axb4 29. axb4 Nc5 30. Bg5 Bxg5 31. Nxg5 f6 32. Nf3 Nxe4 33. Qg2 Nc3+ 34. Kc1 Rf8 35. Ra1 Qxb4 36. Nh4 Rf7 37. Qg8 Qb3 38. Bg2 Nb4 39. Ng6+ Kd6 40. Qb8+ Kc5 41. Ra5+ Nb5 42. Qc8+ Nc6 43. Ra8 Nc3 44. Bf3 Qb1+ 45. Kd2 Qf1 46. Bxc6 Qd1# 0-1

[Event "Oberliga Sued W 1920"]
[Site "Germany"]
[Date "2019.11.24"]
[Round "3.4"]
[White "Carow, Annelen"]
[Black "Erhardt, Michael"]
[Result "1/2-1/2"]
[WhiteElo "2130"]
[BlackElo "2071"]
[PlyCount "64"]
[EventDate "2019.09.29"]
[EventType "team-tourn"]
[EventRounds "9"]
[EventCountry "GER"]
[SourceTitle "EXT 2021"]
[Source "ChessBase"]
[SourceDate "2020.10.23"]
[SourceVersion "1"]
[SourceVersionDate "2020.10.23"]
[SourceQuality "1"]

1. d4 d5 2. c4 e6 3. Nc3 Be7 4. Nf3 Nf6 5. cxd5 exd5 6. Bg5 c6 7. Qc2 g6 8. h3 Bf5 9. Qc1 Nbd7 10. Bh6 Ne4 11. g4 Nxc3 12. bxc3 Be4 13. Bg2 f6 14. Bf4 Nb6 15. Kf1 Bd6 16. Ne1 Bxg2+ 17. Kxg2 0-0 18. Nd3 Nc4 19. Bxd6 Qxd6 20. Rb1 b6 21. Nb2 Na3 22. Ra1 Rae8 23. Qd2 f5 24. Rae1 f4 25. Rhf1 Re7 26. Qd3 b5 27. e4 fxe3 28. Rxe3 Nc4 29. Rxe7 Nxb2 30. Qe2 Nd3 31. Qxd3 Qxe7 32. Qe3 Qxe3 1/2-1/2

[Event "Oberliga Sued W 1819"]
[Site "Germany"]
[Date "2019.04.07"]
[Round "9.2"]
[White "Boidman, Yuri"]
[Black "Erhardt, Michael"]
[Result "1-0"]
[WhiteElo "2358"]
[BlackElo "2110"]
[PlyCount "47"]
[EventDate "2018.10.21"]
[EventType "team-tourn"]
[EventRounds "9"]
[EventCountry "GER"]
[SourceTitle "EXT 2020"]
[Source "ChessBase"]
[SourceDate "2019.10.17"]
[SourceVersion "1"]
[SourceVersionDate "2019.10.17"]
[SourceQuality "1"]
[WhiteTeam "Heimbach Weis/Neuwied"]
[BlackTeam "Saarbruecken Gambit"]
[WhiteTeamCountry "GER"]
[BlackTeamCountry "GER"]

1. Nf3 Nf6 2. d4 d5 3. c4 e6 4. Nc3 Be7 5. Bf4 0-0 6. e3 c5 7. dxc5 Bxc5 8. Qc2 Qa5 9. Be2 Nc6 10. 0-0 dxc4 11. Bxc4 Be7 12. Rfd1 e5 13. Bg5 Bg4 14. Bxf6 Bxf6 15. Nd5 Rac8 16. Qe4 Bh5 17. Nxf6+ gxf6 18. Qf5 Ne7 19. Qxf6 Rxc4 20. Qxe7 e4 21. Ne5 Qc5 22. Qg5+ Bg6 23. Qf6 Rc2 24. Nd7 1-0

[Event "GER CupT 1819 prel6"]
[Site "Horben"]
[Date "2019.01.26"]
[Round "1.2"]
[White "Gnichtel, Gerd"]
[Black "Erhardt, Michael"]
[Result "1-0"]
[WhiteElo "2121"]
[BlackElo "2089"]
[PlyCount "81"]
[EventDate "2019.01.26"]
[EventType "team-k.o."]
[EventRounds "2"]
[EventCountry "GER"]
[SourceTitle "EXT 2021"]
[Source "ChessBase"]
[SourceDate "2020.10.23"]
[SourceVersion "1"]
[SourceVersionDate "2020.10.23"]
[SourceQuality "1"]
[WhiteTeam "Pirmasens"]
[BlackTeam "Saarbruecken Gambit"]
[WhiteTeamCountry "GER"]
[BlackTeamCountry "GER"]

1. d4 d5 2. c4 e6 3. Nc3 Be7 4. Nf3 Nf6 5. cxd5 exd5 6. Bg5 c6 7. Qc2 0-0 8. e3 Nbd7 9. Bd3 Re8 10. 0-0 Nf8 11. Rae1 Ne4 12. Bxe7 Qxe7 13. Bxe4 dxe4 14. Nd2 f5 15. f3 exf3 16. Nxf3 Be6 17. e4 Qd7 18. d5 Bf7 19. Ng5 cxd5 20. Nxf7 Qxf7 21. Nxd5 Rad8 22. Qc3 Qe6 23. Rxf5 Ng6 24. Qg3 Rc8 25. h4 Ne7 26. Nf6+ Kh8 27. Nxe8 Rxe8 28. Rg5 Qxa2 29. Qe5 Qg8 30. Rd1 Ng6 31. Qd5 Nxh4 32. Qxg8+ Kxg8 33. Rd7 Ng6 34. Rb5 b6 35. Rxa7 Rxe4 36. Rxb6 Ne7 37. Rbb7 Kf8 38. b4 g5 39. b5 h5 40. b6 Nc8 41. Ra8 1-0

[Event "Oberliga Sued W 1819"]
[Site "Germany"]
[Date "2018.10.21"]
[Round "1.2"]
[White "Erhardt, Michael"]
[Black "Becker, Thomas2222"]
[Result "1/2-1/2"]
[WhiteElo "2110"]
[BlackElo "2139"]
[PlyCount "63"]
[EventDate "2018.10.21"]
[EventType "team-tourn"]
[EventRounds "9"]
[EventCountry "GER"]
[SourceTitle "EXT 2020"]
[Source "ChessBase"]
[SourceDate "2019.10.17"]
[SourceVersion "1"]
[SourceVersionDate "2019.10.17"]
[SourceQuality "1"]
[WhiteTeam "Saarbruecken Gambit"]
[BlackTeam "Winterbach Turm"]
[WhiteTeamCountry "GER"]
[BlackTeamCountry "GER"]

1. e4 c5 2. Nf3 Nc6 3. d4 cxd4 4. Nxd4 e5 5. Nb5 a6 6. Nd6+ Bxd6 7. Qxd6 Qe7 8. Qd1 Nf6 9. Nc3 d6 10. Bc4 Be6 11. Nd5 Bxd5 12. Bxd5 Nxd5 13. exd5 Nb8 14. 0-0 0-0 15. Be3 Nd7 16. Qd2 Rfc8 17. Rfc1 Nf6 18. c4 b5 19. cxb5 axb5 20. Bg5 Qb7 21. Bxf6 gxf6 22. a3 Ra4 23. Rxc8+ Qxc8 24. Rc1 Rc4 25. Rc3 Qc5 26. h3 Rxc3 27. Qxc3 Qxd5 28. Qc8+ Kg7 29. Qg4+ Kf8 30. Qc8+ Ke7 31. Qc7+ Kf8 32. Qc8+ 1/2-1/2

[Event "Oberliga Sued W 1718"]
[Site "Germany"]
[Date "2017.12.10"]
[Round "6.2"]
[White "Erhardt, Michael"]
[Black "Boidman, Yuri"]
[Result "0-1"]
[WhiteElo "2093"]
[BlackElo "2319"]
[PlyCount "49"]
[EventDate "2017.09.10"]
[EventType "team-tourn"]
[EventRounds "11"]
[EventCountry "GER"]
[SourceTitle "EXT 2019"]
[Source "ChessBase"]
[SourceDate "2018.10.10"]
[SourceVersion "1"]
[SourceVersionDate "2018.10.10"]
[SourceQuality "1"]
[WhiteTeam "Saarbruecken Gambit"]
[BlackTeam "Heimbach Weis/Neuwied"]
[WhiteTeamCountry "GER"]
[BlackTeamCountry "GER"]

1. e4 d5 2. exd5 Nf6 3. d4 Bg4 4. Nf3 Qxd5 5. Nc3 Qh5 6. Be2 Nc6 7. Be3 0-0-0 8. 0-0 e5 9. d5 e4 10. Ng5 Rxd5 11. Nxd5 Bxe2 12. Nxf6 gxf6 13. Qd5 Bd6 14. Qf5+ Kb8 15. Qh3 fxg5 16. Qxh5 Bxh5 17. Bxg5 Rg8 18. Bf6 Bf3 19. g3 Be5 20. Bxe5 Nxe5 21. Rfe1 h5 22. h3 h4 23. Kh2 hxg3+ 24. fxg3 Rd8 25. h4 0-1

[Event "Oberliga Sued W 1718"]
[Site "Germany"]
[Date "2017.09.10"]
[Round "1.4"]
[White "Erhardt, Michael"]
[Black "Biehler, Thomas"]
[Result "1/2-1/2"]
[WhiteElo "2093"]
[BlackElo "2213"]
[PlyCount "29"]
[EventDate "2017.09.10"]
[EventType "team-tourn"]
[EventRounds "11"]
[EventCountry "GER"]
[SourceTitle "EXT 2019"]
[Source "ChessBase"]
[SourceDate "2018.10.10"]
[SourceVersion "1"]
[SourceVersionDate "2018.10.10"]
[SourceQuality "1"]
[WhiteTeam "Saarbruecken Gambit"]
[BlackTeam "Illingen Turm"]
[WhiteTeamCountry "GER"]
[BlackTeamCountry "GER"]

1. e4 c5 2. Nf3 d6 3. c3 Nf6 4. Be2 g6 5. 0-0 Bg7 6. Re1 0-0 7. Bf1 Nc6 8. h3 e5 9. d4 cxd4 10. cxd4 exd4 11. Nxd4 Re8 12. Nxc6 bxc6 13. Nc3 Be6 14. Be3 d5 15. exd5 1/2-1/2

[Event "Oberliga Sued W 1516"]
[Site "Germany"]
[Date "2016.01.31"]
[Round "6.1"]
[White "Erhardt, Michael"]
[Black "Mayer, Frank"]
[Result "1-0"]
[WhiteElo "2074"]
[BlackElo "2319"]
[PlyCount "53"]
[EventDate "2015.09.20"]
[EventType "team-tourn"]
[EventRounds "9"]
[EventCountry "GER"]
[SourceTitle "EXT 2017"]
[Source "ChessBase"]
[SourceDate "2016.10.25"]
[SourceVersion "1"]
[SourceVersionDate "2016.10.25"]
[SourceQuality "1"]
[WhiteTeam "Saarbruecken Gambit"]
[BlackTeam "Illingen Turm"]
[WhiteTeamCountry "GER"]
[BlackTeamCountry "GER"]

1. e4 c5 2. Nf3 e6 3. d4 cxd4 4. Nxd4 Nc6 5. Nc3 Qc7 6. Be3 a6 7. Be2 Nf6 8. 0-0 b5 9. Nxc6 dxc6 10. f4 Bb7 11. e5 b4 12. exf6 bxc3 13. Qd4 cxb2 14. Qxb2 gxf6 15. Rab1 Bc8 16. Qxf6 Rg8 17. Bf3 Bd7 18. Rfd1 Bg7 19. Qg5 Rb8 20. Rxb8+ Qxb8 21. Qc5 Bf8 22. Qd4 Qc7 23. Qd3 h6 24. Qxa6 Ke7 25. Qa3+ Kf6 26. Qd3 Ke7 27. Qh7 1-0

[Event "Saarland-ch MB 89th"]
[Site "Stennweiler"]
[Date "2014.04.18"]
[Round "8"]
[White "Biehl, Tim"]
[Black "Erhardt, Michael"]
[Result "1-0"]
[WhiteElo "1949"]
[BlackElo "1961"]
[PlyCount "69"]
[EventDate "2014.04.11"]
[EventType "swiss"]
[EventRounds "9"]
[EventCountry "GER"]
[SourceTitle "EXT 2016"]
[Source "ChessBase"]
[SourceDate "2015.10.08"]
[SourceVersion "1"]
[SourceVersionDate "2015.10.08"]
[SourceQuality "1"]

1. e4 e5 2. f4 exf4 3. Nf3 Nf6 4. e5 Ne4 5. d3 Ng5 6. Bxf4 Ne6 7. Bg3 d6 8. Be2 Nc6 9. d4 Ng5 10. 0-0 dxe5 11. d5 Nxf3+ 12. Bxf3 Bc5+ 13. Kh1 Nd4 14. Bxe5 Nxf3 15. Qxf3 0-0 16. Bxg7 Kxg7 17. Qc3+ f6 18. Qxc5 b6 19. Qc4 Qd7 20. Nc3 Bb7 21. Rad1 Rad8 22. Rd3 c6 23. d6 c5 24. Re1 Rde8 25. Red1 Re6 26. Qg4+ Kh8 27. Re3 Bxg2+ 28. Kxg2 Rg8 29. Qxg8+ Kxg8 30. Rxe6 Qxe6 31. d7 Qg4+ 32. Kf1 Qf3+ 33. Ke1 Qh1+ 34. Kd2 Qa8 35. Kc1 1-0

[Event "Saarland-ch MB 89th"]
[Site "Stennweiler"]
[Date "2014.04.12"]
[Round "2"]
[White "Erhardt, Michael"]
[Black "Mueller, Max1111"]
[Result "1/2-1/2"]
[WhiteElo "1961"]
[BlackElo "1795"]
[PlyCount "101"]
[EventDate "2014.04.11"]
[EventType "swiss"]
[EventRounds "9"]
[EventCountry "GER"]
[SourceTitle "EXT 2016"]
[Source "ChessBase"]
[SourceDate "2015.10.08"]
[SourceVersion "1"]
[SourceVersionDate "2015.10.08"]
[SourceQuality "1"]

1. e4 c5 2. Nf3 d6 3. Bb5+ Bd7 4. Bxd7+ Qxd7 5. c4 Nc6 6. Nc3 g6 7. d4 cxd4 8. Nxd4 Bg7 9. Be3 Nf6 10. f3 Rc8 11. b3 a6 12. Qd2 Nxd4 13. Bxd4 b5 14. Nd5 Qe6 15. Nxf6+ Bxf6 16. cxb5 axb5 17. 0-0 0-0 18. Bxf6 Qxf6 19. Rac1 Qe5 20. Rfd1 Rc5 21. b4 Rcc8 22. Rc2 Qe6 23. Rdc1 Rxc2 24. Qxc2 Ra8 25. a3 Rxa3 26. Qc8+ Kg7 27. Qxe6 fxe6 28. Rc7 Rb3 29. Rxe7+ Kf6 30. Rxh7 Rxb4 31. Rb7 d5 32. Kf2 dxe4 33. fxe4 Ke5 34. Rg7 Rxe4 35. Rxg6 b4 36. Rg5+ Kd4 37. Rb5 Kc3 38. Kf3 Rh4 39. Rb6 b3 40. Rc6+ Kd2 41. Rd6+ Kc2 42. Rc6+ Kb1 43. Rxe6 Rxh2 44. g4 b2 45. g5 Kc2 46. Rb6 Kc1 47. Kf4 b1Q 48. Rxb1+ Kxb1 49. g6 Rg2 50. Kf5 Kc2 51. Kf6 1/2-1/2